Library Logo

Pioneer International University Library Catalogue

Computer information systems development : (Record no. 9163)

MARC details
000 -LEADER
fixed length control field 00936nam a2200277 a 4500
001 - CONTROL NUMBER
control field 3788791
003 - CONTROL NUMBER IDENTIFIER
control field OSt
005 - DATE AND TIME OF LATEST TRANSACTION
control field 20250901165758.0
008 - FIXED-LENGTH DATA ELEMENTS--GENERAL INFORMATION
fixed length control field 840719s1985 ohuak 001 0 eng
010 ## - LIBRARY OF CONGRESS CONTROL NUMBER
LC control number 84051660
020 ## - INTERNATIONAL STANDARD BOOK NUMBER
International Standard Book Number 053810970X (pbk.)
040 ## - CATALOGING SOURCE
Original cataloging agency DLC
Transcribing agency DLC
Modifying agency DLC
050 00 - LIBRARY OF CONGRESS CALL NUMBER
Classification number QA 76 .9.S88 H47 1985
Item number H47 1985
082 00 - DEWEY DECIMAL CLASSIFICATION NUMBER
Classification number 004.2/1
Edition information 19
100 1# - MAIN ENTRY--PERSONAL NAME
Personal name Hetzel, William C.,
Dates associated with a name 1941-
245 10 - TITLE STATEMENT
Title Computer information systems development :
Remainder of title principles and case study /
Statement of responsibility, etc. William Hetzel, David R. Adams.
260 ## - PUBLICATION, DISTRIBUTION, ETC.
Place of publication, distribution, etc. Cincinnati :
Name of publisher, distributor, etc. South-Western Pub. Co.,
Date of publication, distribution, etc. c1985.
300 ## - PHYSICAL DESCRIPTION
Extent xii, 314 p., [69] leaves :
Other physical details ill., forms. ;
Dimensions 28 cm.
500 ## - GENERAL NOTE
General note Includes index.
650 #0 - SUBJECT ADDED ENTRY--TOPICAL TERM
Topical term or geographic name entry element System design.
650 #0 - SUBJECT ADDED ENTRY--TOPICAL TERM
Topical term or geographic name entry element Information storage and retrieval systems.
650 #0 - SUBJECT ADDED ENTRY--TOPICAL TERM
Topical term or geographic name entry element Electronic data processing.
700 1# - ADDED ENTRY--PERSONAL NAME
Personal name Adams, David R.
Fuller form of name (David Robert),
Dates associated with a name 1942-
906 ## - LOCAL DATA ELEMENT F, LDF (RLIN)
a 7
b cbc
c orignew
d 3
e ocip
f 19
g y-gencatlg
942 ## - ADDED ENTRY ELEMENTS (KOHA)
Source of classification or shelving scheme Library of Congress Classification
Koha item type Books
Holdings
Withdrawn status Lost status Source of classification or shelving scheme Damaged status Not for loan Home library Current library Shelving location Date acquired Total checkouts Full call number Barcode Date last seen Price effective from Koha item type
    Library of Congress Classification     Main Library Main Library   11/21/2024   QA 76 .9.S88 H47 1985 PIU0190207 11/21/2024 11/21/2024 Books